00678nam a2200217 a 450000100060000000300080000600500170001400800410003103500190007204000260009104100080011708200260012510000280015124500600017926000480023930000330028749000500032050000210037065000190039183000500041069771BD-RjUL20211209081926.0170413s1961 nyu 001 0 eng d a(BD-RjUL)69983 aBD-RjULbengcBD-RjUL aeng 223a515.733bBEI 19611 aBerberian, Sterling K.,10aIntroduction to Hilbert space /cSterling K. Berberian. aNew York :bOxford University Press,c1961. axi, 206 p. :bill. ;c22 cm.1 aUniversity texts in the mathematical sciences aIncludes Indexes 0aHilbert space. 0aUniversity texts in the mathematical sciences